| 000 | 004190000a22001570004500 | ||
|---|---|---|---|
| 041 | 0 | _aSPA | |
| 082 | 0 | 4 | _aG 843.71 S8254r |
| 100 | 1 | _aStendhal | |
| 245 | 1 | 0 | _aRojo y negro / Stendhal ; Emma Catalayud, Traductor |
| 260 | _aBogotá : Oveja Negra | ||
| 300 | _a572 Pag | ||
| 440 | 0 | _aColección Historia Universal de la Literatura | |
| 500 | _aTítulo original : Le rouge et le noir | ||
| 001 | 13333 | ||
| 942 | _cBK | ||
| 999 |
_c42314 _d42314 |
||